[Event "Mazowiec-chT op 1112"]
[Site "Poland"]
[Date "2012.02.19"]
[Round "7.44"]
[White "Rozycki, Dariusz"]
[Black "Worobiej, Daniel"]
[Result "0-1"]
[WhiteElo "1500"]
[BlackElo "1796"]
[PlyCount "52"]
[EventDate "2012.01.08"]
[EventType "team-swiss"]
[EventRounds "10"]
[EventCountry "POL"]
[SourceTitle "EXT 2019"]
[Source "ChessBase"]
[SourceDate "2018.10.10"]
[SourceVersion "1"]
[SourceVersionDate "2018.10.10"]
[SourceQuality "1"]

1. e4 Nf6 2. e5 Nd5 3. c4 Nb6 4. d4 d6 5. exd6 cxd6 6. Nf3 g6 7. Nc3 Bg7 8. Be3 Nc6 9. Bd3 0-0 10. Qd2 Bg4 11. Be4 Nxc4 12. Qc1 Nxe3 13. fxe3 Qa5 14. Qd2 e5 15. d5 Ne7 16. h3 Bd7 17. g4 b5 18. Qh2 b4 19. Ne2 Rac8 20. Kf2 f5 21. Bb1 Qxd5 22. a3 fxg4 23. Ba2 b3 24. Nc3 Qxf3+ 25. Ke1 g3 26. Bxb3+ Kh8 0-1